The Bozz chronicles /

First single-volume publication of six-part comic cult favorite, in which a suicidal alien and a plucky prostitute form a detective agency. Victorian setting evokes Sherlock Holmes, plus Dr. Who-style supernatural sleuthing.

Bibliographic Details
Main Author: Michelinie, David (Author)
Other Authors: Blevins, Bret (Illustrator), Ridgway, John, 1940- (Illustrator, writer of afterword.), Graham, Brandon (writer of foreword.)
Format: Book
Language:English
Published: Mineola, New York : Dover Publications, Inc., 2015.
Edition:Dover edition.
Subjects:

MARC

Tag First Indicator Second Indicator Subfields
LEADER 00000cam a2200000Ii 4500
001 in00003593821
005 20151028163304.0
008 141212t20152015nyua e 6 000 f eng
035 |a (OCoLC)ocn926087598 
040 |a AU@  |b eng  |e rda  |c AU@  |d TXA 
020 |a 9780486798516 
020 |a 0486798518 
029 0 |a AU@  |b 000055557515 
043 |a e-uk--- 
050 4 |a PN6728  |b .B6485 2015 
050 4 |a PN6728  |b .B693 2015 
082 0 4 |a 741.5973  |2 23 
049 |a TXAM 
100 1 |a Michelinie, David,  |e author,  |e writer of introduction. 
245 1 4 |a The Bozz chronicles /  |c created and written by David Michelinie ; illustrated by Bret Blevins (books 1, 2, 3, 5, 6)and John Ridgway (book 4) ; foreword by Brandon Graham ; introductions by David Michelinie and Bret Blevins ; afterword by John Ridgway. 
250 |a Dover edition. 
264 1 |a Mineola, New York :  |b Dover Publications, Inc.,  |c 2015. 
264 4 |c ©2015 
300 |a xii, 211 pages :  |b chiefly illustrations (chiefly color) ;  |c 26 cm 
336 |a still image  |b sti  |2 rdacontent 
336 |a text  |b txt  |2 rdacontent 
337 |a unmediated  |b n  |2 rdamedia 
338 |a volume  |b nc  |2 rdacarrier 
500 |a "This Dover edition, first published in 2015, is a republication of the 6-issue mini-series, The Bozz chronicles, published by the Epic imprint of Marvel Comics in 1985 and 1986."--Title page verso. 
500 |a "Dover comics & graphic novels"--Back cover. 
520 |a First single-volume publication of six-part comic cult favorite, in which a suicidal alien and a plucky prostitute form a detective agency. Victorian setting evokes Sherlock Holmes, plus Dr. Who-style supernatural sleuthing. 
650 0 |a Extraterrestrial beings  |v Comic books, strips, etc. 
650 0 |a Prostitutes  |v Comic books, strips, etc. 
651 0 |a Great Britain  |x History  |y Victoria, 1837-1901  |v Comic books, strips, etc. 
655 7 |a Graphic novels.  |2 lcgft 
655 0 |a Detective and mystery comic books, strips, etc. 
700 1 |a Blevins, Bret,  |e illustrator,  |e writer of introduction. 
700 1 |a Ridgway, John,  |d 1940-  |e illustrator,  |e writer of afterword. 
700 1 |a Graham, Brandon,  |e writer of foreword. 
948 |a cataloged  |b h  |c 2015/10/28  |d c  |e jmarner  |f 4:32:54 pm 
994 |a C0  |b TXA 
999 f f |s 32d588c7-2e6a-392f-9d65-41a4b4821fa1  |i 3c2497f9-d12c-36a3-b02c-1d8779af1f37  |t 0 
952 f f |p normal  |a Texas A&M University  |b College Station  |c Sterling C. Evans Library  |d Evans: Library Stacks  |t 0  |e PN6728 .B693 2015  |h Library of Congress classification  |i unmediated -- volume  |m A14843199028 
998 f f |a PN6728 .B693 2015  |t 0  |l Evans: Library Stacks